| 000 | 02118cam a22004337a 4500 | ||
|---|---|---|---|
| 001 | 15962145 | ||
| 003 | OSt | ||
| 005 | 20150408114018.0 | ||
| 008 | 091027s2010 dcua b 000 0 eng d | ||
| 010 | _a 2009940147 | ||
| 020 | _a9780883857656 (pbk.) | ||
| 020 | _a0883857650 | ||
| 035 | _a(DLC)15962145 | ||
| 035 | _a(DLC)2009940147 | ||
| 035 | _a(OCoLC)ocn489010049 | ||
| 040 |
_aBTCTA _beng _cBTCTA _dYDXCP _dSGB _dEYE _dLMR _dIAD _dCDX _dLML _dDEBBG _dCOH _dMIX _dDLC |
||
| 042 | _alccopycat | ||
| 050 | 0 | 0 |
_aQA303.2 _b.K596 2010 |
| 082 | 0 | 4 | _a515 |
| 084 |
_aSM 615 _2rvk |
||
| 100 | 1 |
_aKlymchuk, Sergiy. _914461 |
|
| 245 | 1 | 0 |
_aCounterexamples in calculus / _cSergiy Klymchuk. |
| 260 |
_aWashington, D.C. : _bMathematical Association of America, _cc2010. |
||
| 300 |
_aix, 101 p. : _bill. ; _c23 cm. |
||
| 490 | 0 | _aClassroom resource materials | |
| 500 | _aOriginally published: New Zealand : Maths Press, 2004. | ||
| 504 | _aIncludes bibliographical references (p. 99-100). | ||
| 505 | 0 | _aStatements. Functions -- Limits -- Continuity -- Differential calculus -- Integral calculus -- Suggested solutions. | |
| 520 | _a"Counterexamples in Calculus serves as a supplementary resource to enhance the learning experience in single variable calculus courses. This book features carefully constructed incorrect mathematical statements that require students to create counterexamples to disprove them. Methods of producing these incorrect statements vary. At times the converse of a well-known theorem is presented. In other instances crucial conditions are omitted or altered or incorrect definitions are employed."--Back cover. | ||
| 650 | 0 |
_aCalculus _vProblems, exercises, etc. _94660 |
|
| 650 | 0 | 7 |
_aAnalysis. _2swd |
| 655 | 4 |
_aAufgabensammlung. _914462 |
|
| 655 | 4 |
_aBeispielsammlung. _914463 |
|
| 710 | 2 |
_aMathematical Association of America. _914464 |
|
| 830 | 0 |
_aClassroom resource materials (Unnumbered) _914465 |
|
| 942 |
_2ddc _cBOOK |
||
| 999 |
_c21735 _d256235 |
||